01873nam a2200361 4500001000400000003000400004005001700008008004100025020001800066040000800084041001300092082001500105100003600120240007600156245013200232260003400364300001100398490004500409520075300454650002301207650003001230650002201260650001301282650001501295650001601310650001001326655001201336655001601348700003101364700003501395700003601430830004501466216OSt20250528074015.0250203b |||||||g |||| 00| 1 eng d a9788508067695 bpor hengapor a823bD754s1 aDoyle, Arthur Conan,d1859-1930 aA study in scarlet, The sign of four, The adventures of Sherlock Holmes aSherlock Holmes, Volume I /cDoyle, Arthur Conan ; Tradução de Louise Ibañez, Branca de Villa-Flor e Edna Jansen de Mello aRio de JaneirobEdiouroc2002 a447 p.1 aObra completa / Sherlock Holmesvvol. 01 aNeste volume: Um Estudo em Vermelho, O Sinal dos Quatro e As Aventuras de Sherlock Holmes (contos). Os fatos são contundentes. O povo tomou conta de Holmes. Chegou a crer na sua existência. Nenhum personagem de ficção tem no mundo mais vasta bibliografia, com toda uma gama de estudos, dos mais ingênuos aos mais eruditos; ninguém, fictício ou real, foi alvo de tantas representações teatrais, cinematográficas, em histórias em quadrinhos, em palavras cruzadas, em seriados de TV; ninguém multiplicou um gênero (literatura policial) em proporções de tiragens tão astronômicas. Os "holmistas" existiram desde a primeira hora e continuam surgindo no fluir das gerações. Holmes não tem leitores, tem devotos. 0aLiteratura Inglesa 0aCrime e Investigação  0aRomance Policial  0aSuspense 0aMistério 0aClássicos 0aFilme 0aRomance 0aFicção  aLouise Ibañez eTradutor aBranca de Villa-FloreTradutor aEdna Jansen de Mello eTradutor aObra completa / Sherlock Holmesvvol. 01